000 00713cam a22002533a 4500
001 19085
003 PGUSA
005 20140828083414.0
008 060820s2006||||xxu|||||s|||||000 1 eng d
040 _aPGUSA
_beng
042 _adc
050 4 _aPR
100 1 _aWalpole, Hugh,
_cSir,
_d1884-1941
245 1 4 _aThe Prelude to Adventure
_h[electronic resource] /
_cHugh, Walpole
260 _bProject Gutenberg,
_c2006
506 _aPublic domain in the USA.
516 _aElectronic text
653 _aMurder -- Fiction
653 _aCollege students -- Fiction
653 _aMurderers -- Fiction
830 0 _aProject Gutenberg
_v19085
856 4 0 _uhttp://www.gutenberg.org/ebooks/19085
942 _cEB
999 _c248340
_d248340